Nuevo derecho procesal canónico: estudio sistemático-analítico comparado

Gardado en:
Detalles Bibliográficos
Autor Principal: García Faílde, Juan José (Author)
Formato: Libro
Idioma:Lingua castelá
Publicado: Salamanca Publicaciones Universidad Pontificia 1992
Edición:2a. ed
Series:Nueva Codificación Canónica, 3. Biblioteca Salamanticensis, 69
Subjects:
Tags: Engadir etiqueta
Sen Etiquetas, Sexa o primeiro en etiquetar este rexistro!

MARC

LEADER 00000nam a2200000 a 4500
001 UCX8690
003 CL-VaPUC
008 940419e19920000SP |||||||||||||||||spa|d
082 0 4 |a 262.9  |b GAR  |2 21 
100 |a García Faílde, Juan José  |e author  |9 480114 
245 1 0 |a Nuevo derecho procesal canónico: estudio sistemático-analítico comparado 
250 |a 2a. ed 
300 |a 519 p 
942 |c BK 
945 |d 19940419 00:00:00  |a aalvarez 
260 |a Salamanca  |b Publicaciones Universidad Pontificia  |c 1992 
650 0 |a Procedimiento civil  |9 254870 
650 7 |a DERECHO CANONICO  |2 CL-VaPUC  |9 325873 
583 |a last modification  |c 19940419 00:00:00  |k Rodrigo Vera 
490 0 |a Nueva Codificación Canónica, 3. Biblioteca Salamanticensis, 69 
999 |c 228120  |d 228118 
952 |0 0  |1 0  |4 0  |6 262_900000000000000_GAR_1992  |7 0  |8 A  |9 227749  |a BIBDER  |b BIBDER  |d 2019-11-15  |i 2969998  |o 262.9 GAR 1992  |p 2969998  |r 2023-01-25  |w 2019-11-15  |y BK  |k DER 
952 |0 0  |1 0  |4 0  |6 262_900000000000000_GAR_1992  |7 0  |8 A  |9 227750  |a BIBDER  |b BIBDER  |d 2019-11-15  |i 1809164  |o 262.9 GAR 1992  |p 1809164  |r 2023-01-25  |w 2019-11-15  |y BK  |k DER